| 000 -CABECERA |
| campo de control de longitud fija |
01458nam a22002297a 4500 |
| 003 - IDENTIFICADOR DEL NÚMERO DE CONTROL |
| campo de control |
OSt |
| 005 - FECHA Y HORA DE LA ÚLTIMA TRANSACCIÓN |
| campo de control |
20260303163721.0 |
| 008 - DATOS DE LONGITUD FIJA--INFORMACIÓN GENERAL |
| campo de control de longitud fija |
260303b ||||| |||| 00| 0 spa d |
| 020 ## - NÚMERO INTERNACIONAL ESTÁNDAR DEL LIBRO |
| Número Internacional Estándar del Libro |
9789585404847 |
| 040 ## - FUENTE DE LA CATALOGACIÓN |
| Centro/agencia transcriptor |
CO-Mq BPB |
| 041 ## - CÓDIGO DE LENGUA |
| Código de lengua del texto/banda sonora o título independiente |
spa |
| 082 ## - NÚMERO DE LA CLASIFICACIÓN DECIMAL DEWEY |
| Número de clasificación |
AP |
| Número de documento/Ítem |
BONp |
| 100 ## - ENTRADA PRINCIPAL--NOMBRE DE PERSONA |
| Nombre de persona |
Bonnett, Piedad |
| Término indicativo de función/relación |
autor |
| 245 ## - MENCIÓN DE TÍTULO |
| Título |
Poesía Reunida |
| 264 ## - PRODUCCIÓN, PUBLICACIÓN, DISTRIBUCIÓN, FABRICACIÓN Y COPYRIGHT |
| Producción, publicación, distribución, fabricación y copyright |
Bogotá; |
| Nombre del de productor, editor, distribuidor, fabricante |
Penguin Random House, |
| Fecha de producción, publicación, distribución, fabricación o copyright |
2015 |
| 300 ## - DESCRIPCIÓN FÍSICA |
| Extensión |
474 páginas |
| Otras características físicas |
Tapa rustica |
| Dimensiones |
23 cm |
| 521 ## - NOTA DE PÚBLICO DESTINATARIO |
| Nota de público destinatario |
Poesía reunida recopila toda la obra poética publicada de Piedad Bonnett desde sus inicios en 1989 con De círculo y ceniza, pasando por poemarios como El hilo de los días (1995) y Tretas del débil (2004), hasta Explicaciones no pedidas (2011), ganador del Premio Casa de América de Poesía Americana.<br/><br/>Este volumen reúne más de treinta años de escritura lírica de una de las voces más importantes de la poesía colombiana contemporánea. A través de sus poemas, Bonnett explora temas muy profundos como:<br/><br/>La memoria y el paso del tiempo<br/><br/>El dolor y la pérdida<br/><br/>La identidad y la introspección<br/><br/>Las relaciones humanas y la experiencia personal<br/><br/>Su estilo combina sensibilidad, claridad emocional y un lenguaje potente y reflexivo, lo que ha convertido a su poesía en una referencia dentro de la literatura hispanoamericana. |
| 650 ## - PUNTO DE ACCESO ADICIONAL DE MATERIA--TÉRMINO DE MATERIA |
| Término de materia o nombre geográfico como elemento de entrada |
La memoria y el paso del tiempo |
| 650 ## - PUNTO DE ACCESO ADICIONAL DE MATERIA--TÉRMINO DE MATERIA |
| Término de materia o nombre geográfico como elemento de entrada |
El dolor y la pérdida |
| 650 ## - PUNTO DE ACCESO ADICIONAL DE MATERIA--TÉRMINO DE MATERIA |
| Término de materia o nombre geográfico como elemento de entrada |
La identidad y la introspección |
| 942 ## - ELEMENTOS DE PUNTO DE ACCESO ADICIONAL (KOHA) |
| Fuente del sistema de clasificación o colocación |
|
| Tipo de ítem Koha |
Libro Literatura |